000 00516nam a2200169Ia 4500
003 OSt
005 20200622101033.0
008 190216s9999||||xx |||||||||||||| ||und||
020 _a9780195696608
040 _coclc
082 _a954.025
_bHAS/R
100 _aHasan, S Nurul
_92315
245 0 _aReligion, State,And Society In Medieval India /
_cS Nurul Hasan
260 _bOxford University Press,
_c2014.
_aNew Delhi:
300 _a335p
942 _cBK
_2ddc
_h954.025
_iHAS/R
_k954.025
_mHAS/R
999 _c23206
_d23206